| 000 | 00550nam a2200181 a 4500 | ||
|---|---|---|---|
| 001 | 000036724 | ||
| 005 | 20200930075910.0 | ||
| 008 | 120126s1986 sp a 000 0 spa d | ||
| 020 | _a8423706893 | ||
| 040 |
_aDO-SdBNP _bspa _cBNPHU |
||
| 100 | 1 |
_aSimón, Julián L. _963033 |
|
| 240 | 1 | 4 |
_aThe ultimate resource _lEspañol |
| 245 | 1 | 3 |
_aEl último recurso / _cJulián L. Simón. |
| 260 |
_aMadrid : _bDossat, _c1986. |
||
| 300 |
_a484 p. : _bil. ; _c21 cm. |
||
| 500 | _aTraducido del idioma inglés | ||
| 700 | 1 |
_aCasas Torres, Jose Manuel _etr. _963034 |
|
| 999 |
_c36215 _d36215 |
||